Wielcy Polacy - poziom łatwy - Statystyki

Ogólne statystyki
  • Ten quiz został rozwiązany 23 razy
  • Średni wynik to 17 z 25
Statystyki odpowiedzi
Podpowiedź Odpowiedź % Poprawnych
C Pianista, zmarł na gruźlice w 1849 roku. Jego serce spoczywa w Bazylice Świętego Krzyża w Warszawie Fryderyk Chopin
95%
T Poeta, napisał m.in. "Lokomotywę" oraz "Bambo" Julian Tuwim
95%
N Śpiewał "Sen o Warszawie" czy "Dziwny jest ten świat" Czesław Niemen
90%
W Pierwszy papież urodzony w Polsce Karol Wojtyła
90%
I Z roku na rok wygląda co raz młodziej, prowadził teleturnieje takie jak Awantura o Kasę czy Gra w ciemno Krzysztof Ibisz
90%
R Odmrażana na Sylwestra wokalistka. Jej najpopularniejszymi utworami są m.in. "Małgośka" czy "Niech żyje bal" Maryla Rodowicz
90%
L Zdobywca największej ilości bramek dla reprezentacji Polski w piłce nożnej Robert Lewandowski
90%
J Wprowadził stan wojenny 13 grudnia 1981 roku Wojciech Jaruzelski
90%
S Poeta, twórca trylogii ("Ogniem i Mieczem", "Potop","Pan Wołodyjowski") Henryk Sienkiewicz
86%
K Twórca Fraszek oraz Trenów Jan Kochanowski
86%
M Zdobywca Nagrody Nobla w dziedzinie Literatury Czesław Miłosz
81%
P Marszałek IIRP. Zmarł w 1935 roku Józef Piłsudski
76%
D Polski działacz niepodległościowy, sygnatariusz traktatu wersalskiego Roman Dmowski
71%
G Legendarny Polski żużlowiec. Indywidualny Mistrz Świata z 2010 roku Tomasz Gollob
71%
B Jeden z najpopularniejszych aktorów międzywojennego polskiego kina i teatru Eugeniusz Bodo
67%
Ł Wynalazca lampy naftowej Ignacy Łukasiewicz
62%
Z Stworzył Język Esperanto Ludwik Zamenhof
52%
H Jego ikoniczna rola Gustawa-Konrada w "Dziadach" zapoczątkowała wydarzenia Marca '68 Gustaw Holoubek
48%
E Aktor, znany z roli Zygmunta w "Kolumbach" czy Rajmunda Wrotka w serialu "Dom" Jan Englert
38%
F Biochemik, twórca nauki o witaminach Kazimierz Funk
38%
A Polska rzeźbiarka, patronka Uniwersytetu Artystycznego w Poznaniu Magdalena Abakanowicz
33%
U Aktorka i piosenkarka - grała główną rolę w filmie "1920 - Bitwa Warszawska" Natasza Urbańska
33%
O Założyciel Zakładu Narodowego im._______ który po II wojnie światowej został przeniesiony z Lwowa do Wrocławia Józef Maksymilian Ossoliński
29%
Ż Generał znany z "buntu" którego efektem było zajęcie Wilna Lucjan Żeligowski
29%
V Aktor, znany z ról Kuno von Liechtensteina w "Krzyżakach" czy Prof.Ryszarda Dąba-Rozwadowskiego w "Alternatywy 4" Mieczysław Voit
24%
Nie znaleziono quizów pasujących do podanych kryteriów
Rozkład punktacji
Procent ludzi z każdym wynikiem
Percentyl według liczby udzielonych odpowiedzi
Twoja historia wyników
Nie rozwiązałeś tego quizu